Acciones de Impacto de las instancias de la Subsecretaría de Asuntos Técnico-Pedagógicos Octubre-Diciembre (Record no. 9119)

MARC details
000 -LEADER
campo de control de longitud fija 00495nam a2200133Ia 4500
001 - NÚMERO DE CONTROL
campo de control 875
008 - DATOS DE LONGITUD FIJA--INFORMACIÓN GENERAL
campo de control de longitud fija 241024s9999 xx 000 0 und d
082 ## - NÚMERO DE LA CLASIFICACIÓN DECIMAL DEWEY
Número de clasificación RD/370.97293/R426a/2008/1
100 ## - ENTRADA PRINCIPAL--NOMBRE DE PERSONA
Nombre de persona República Dominicana.Secretaría de Estado de Educación
245 #0 - MENCIÓN DEL TÍTULO
Título Acciones de Impacto de las instancias de la Subsecretaría de Asuntos Técnico-Pedagógicos Octubre-Diciembre
260 ## - PUBLICACIÓN, DISTRIBUCIÓN, ETC.
Nombre del editor, distribuidor, etc. subsecretaria de Asuntos Técnicos Pedagógicos
Fecha de publicación, distribución, etc. 2008
901 ## - ELEMENTOS DE DATOS A LOCAL LDA (RLIN)
a 8/12/2010 10:00:54 a.m.

No items available.

© 2024. Todos los Derechos Reservados. Desarrollado por IDEICE